Role for restoration ecologists in endangered community conservation? (Registro nro. 11956)

Detalles MARC
000 -CABECERA
Campo de control 005700000a22001690004500
090 ## - CLASIFICACIÓN LOCAL
Colección AR
Consecutivo 02896
041 0# - IDIOMA
Código de idioma para texto/pista de sonido o título separado
100 1# - ASIENTO PRINCIPAL--NOMBRE PERSONAL
Nombre personal Adam, Paul
245 10 - MENCION DE TITULO
Título Role for restoration ecologists in endangered community conservation?
650 14 - ASIENTO SECUNDARIO DE MATERIA - TERMINO TEMATICO
Término temático o nombre geográfico como elemento de entrada Restauración de ecosistemas
650 14 - ASIENTO SECUNDARIO DE MATERIA - TERMINO TEMATICO
Término temático o nombre geográfico como elemento de entrada Identificación de ecosistemas en peligro
650 14 - ASIENTO SECUNDARIO DE MATERIA - TERMINO TEMATICO
Término temático o nombre geográfico como elemento de entrada Ecología de comunidades
650 14 - ASIENTO SECUNDARIO DE MATERIA - TERMINO TEMATICO
Término temático o nombre geográfico como elemento de entrada Conservación
651 #4 - ASIENTO SECUNDARIO DE MATERIA - NOMBRE GEOGRAFICO
-- Nueva Gales del Sur
-- Australia
773 1# - Item fuente:
Título Ecological Management
Especificación de materiales 1291
Descripción física 3
Paginas del Articulo 165-166
Lugar, editorial y fecha de publicación 2001
Información sobre la relación 2
942 ## - ELEMENTOS ADICIONALES (KOHA)
Tipo de ítem Artículo
Existencias
Withdrawn status Lost status Damaged status No para préstamo Colección Ubicación Permanente Ubicación actual Fecha de adquisición Fuente de Valor Datos de publicación Seriada Total Checkouts Número topográfico Inventario / Código de Barras Date last seen Ejemplar Price effective from Forma de adquisición Tipo de material
      No para Préstamo Hemeroteca Bogotá Bogotá 27/02/2015 Arango, Natalia Fuera de circulación   AR 02896 013305 25/03/2015 1 25/03/2015   Artículo